000 00465ntaaa2200181 4500
003 01
005 20251027202455.0
008 0714s1973 ag 01
040 _aAR-BaBN
_bspa
_cAR-BaBN
_eaacr
_dRIC
082 _a268.4340 M66t
100 _aMinor, Harold D.
_923664
245 _aTechniques and resources for guiding adult groups
250 _a1 ed.
260 _aNashville :
_bAbingdon Press,
_c1972
300 _a159 p.
650 _aAdultos
_92470
942 _cBK
999 _c19758
_d19758